[Event "45th National Sub Junior 2019"]
[Site "Tiruchengode"]
[Date "2019.07.14"]
[Round "8.9"]
[White "Pranesh M"]
[Black "Vignesh, B."]
[Result "1/2-1/2"]
[WhiteElo "2343"]
[BlackElo "1806"]
[Annotator "ChessBase"]
[PlyCount "206"]
[EventDate "2019.07.09"]
[EventCountry "IND"]
[SourceTitle "playchess.com"]
[Source "ChessBase"]
[SourceQuality "1"]
[TimeControl "5400+30"]

1. e4 {[%emt 0:00:00]} e5 {[%emt 0:00:00]} 2. Nf3 {[%emt 0:00:00]} Nc6 {[%emt 0:00:18]} 3. Bb5 {[%emt 0:00:00]} a6 {[%emt 0:00:26]} 4. Ba4 {[%emt 0:00:00]} Nf6 {[%emt 0:00:19]} 5. O-O {[%emt 0:00:00]} Be7 {[%emt 0:00:45]} 6. d3 {[%emt 0:00:09]} d6 {[%emt 0:00:35]} 7. c3 {[%emt 0:00:21]} O-O {[%emt 0:00:10]} 8. Nbd2 {[%emt 0:00:16]} b5 {[%emt 0:09:44]} 9. Bc2 {[%emt 0:00:29]} d5 {[%emt 0:02:19]} 10. Qe2 {[%emt 0:02:52]} Bg4 {[%emt 0:01:26]} 11. h3 {[%emt 0:01:34]} Bh5 {[%emt 0:00:41]} 12. Re1 {[%emt 0:00:27]} d4 {[%emt 0:01:58]} 13. Nf1 {[%emt 0:06:48]} Bg6 {[%emt 0:07:31]} 14. Ng3 {[%emt 0:04:16]} Nh5 {[%emt 1:10:48]} 15. Nf5 {[%emt 0:03:35]} dxc3 {[%emt 0:00:00]} 16. bxc3 {[%emt 0:01:15]} Nf4 {[%emt 0:00:00]} 17. Bxf4 {[%emt 0:00:45]} exf4 {[%emt 0:00:00]} 18. Nxe7+ {[%emt 0:04:07]} Qxe7 {[%emt 0:00:00]} 19. Qd2 {[%emt 0:00:26]} Qa3 {[%emt 0:00:00]} 20. Bb3 {[%emt 0:08:51]} Rad8 {[%emt 0:00:00]} 21. Qxf4 {[%emt 0:04:54]} Rxd3 {[%emt 0:00:00]} 22. e5 {[%emt 0:01:12]} Nd8 {[%emt 0:00:00]} 23. Rac1 {[%emt 0:06:10]} c5 {[%emt 0:00:00]} 24. c4 {[%emt 0:10:01]} Ne6 {[%emt 0:00:00]} 25. Qh4 {[%emt 0:00:10]} b4 {[%emt 0:00:00]} 26. Qe7 {[%emt 0:03:03]} a5 {[%emt 0:00:00]} 27. Ng5 {[%emt 0:05:58]} Nxg5 {[%emt 0:00:00]} 28. Qxg5 {[%emt 0:00:13]} h6 {[%emt 0:00:00]} 29. Qf4 {[%emt 0:00:59]} Rd4 {[%emt 0:00:00]} 30. Qe3 {[%emt 0:00:51]} a4 {[%emt 0:00:00]} 31. Bc2 {[%emt 0:00:24]} Qxe3 {[%emt 0:00:00]} 32. fxe3 {[%emt 0:00:23]} Rd2 {[%emt 0:00:00]} 33. e4 {[%emt 0:06:19]} Rb8 {[%emt 0:07:56]} 34. Bxa4 {[%emt 0:02:11]} Rxa2 {[%emt 0:00:05]} 35. Bc6 {[%emt 0:00:31]} Rc8 {[%emt 0:01:42]} 36. Bd5 {[%emt 0:00:39]} Re8 {[%emt 0:01:17]} 37. Ra1 {[%emt 0:00:22]} Rxa1 {[%emt 0:00:00]} 38. Rxa1 {[%emt 0:00:02]} Rxe5 {[%emt 0:00:00]} 39. Ra5 {[%emt 0:00:25]} Bxe4 {[%emt 0:00:46]} 40. Bxe4 {[%emt 0:00:58]} Rxe4 {[%emt 0:00:02]} 41. Rxc5 {[%emt 0:00:04]} g6 {[%emt 0:00:08]} 42. Rc6 {[%emt 0:00:48]} Kg7 {[%emt 0:00:09]} 43. c5 {[%emt 0:00:05]} Rc4 {[%emt 0:00:17]} 44. Rb6 {[%emt 0:00:06]} Kf8 {[%emt 0:00:56]} 45. Rb7 {[%emt 0:00:21]} Rxc5 {[%emt 0:00:31]} 46. Rxb4 {[%emt 0:00:05]} Rc2 {[%emt 0:00:02]} 47. Kh2 {[%emt 0:00:10]} Rc3 {[%emt 0:00:15]} 48. Kg1 {[%emt 0:00:03]} Ke7 {[%emt 0:00:06]} 49. Rb6 {[%emt 0:00:06]} Rd3 {[%emt 0:00:05]} 50. Kf2 {[%emt 0:00:04]} Rd6 {[%emt 0:00:04]} 51. Rb3 {[%emt 0:00:27]} Ke6 {[%emt 0:00:09]} 52. Re3+ {[%emt 0:00:09]} Kf6 {[%emt 0:00:19]} 53. Rf3+ {[%emt 0:00:03]} Kg7 {[%emt 0:00:03]} 54. Ra3 {[%emt 0:00:07]} f5 {[%emt 0:00:04]} 55. h4 {[%emt 0:00:39]} g5 {[%emt 0:00:29]} 56. hxg5 {[%emt 0:00:04]} hxg5 {[%emt 0:00:04]} 57. Kf3 {[%emt 0:01:14]} Kf6 {[%emt 0:00:05]} 58. Rb3 {[%emt 0:00:58]} Ke5 {[%emt 0:00:10]} 59. Re3+ {[%emt 0:00:07]} Kd4 {[%emt 0:00:31]} 60. Re8 {[%emt 0:00:21]} Rc6 {[%emt 0:00:37]} 61. Rd8+ {[%emt 0:00:06]} Ke5 {[%emt 0:00:13]} 62. Re8+ {[%emt 0:00:54]} Kf6 {[%emt 0:00:02]} 63. Rf8+ {[%emt 0:00:13]} Kg6 {[%emt 0:00:08]} 64. Rg8+ {[%emt 0:00:06]} Kh6 {[%emt 0:00:04]} 65. Rh8+ {[%emt 0:00:54]} Kg7 {[%emt 0:00:01]} 66. Ra8 {[%emt 0:00:14]} Rc3+ {[%emt 0:00:05]} 67. Kf2 {[%emt 0:00:05]} Kg6 {[%emt 0:00:06]} 68. Ra4 {[%emt 0:04:40]} f4 {[%emt 0:00:07]} 69. Ra8 {[%emt 0:08:33]} Kf5 {[%emt 0:00:17]} 70. Rf8+ {[%emt 0:00:32]} Kg4 {[%emt 0:00:10]} 71. Rh8 {[%emt 0:00:07]} Rc2+ {[%emt 0:00:06]} 72. Kf1 {[%emt 0:00:11]} f3 {[%emt 0:02:01]} 73. gxf3+ {[%emt 0:00:12]} Kxf3 {[%emt 0:00:02]} 74. Rh3+ {[%emt 0:00:08]} Kf4 {[%emt 0:00:03]} 75. Ra3 {[%emt 0:00:11]} g4 {[%emt 0:00:10]} 76. Kg1 {[%emt 0:00:09]} Kg5 {[%emt 0:00:08]} 77. Rb3 {[%emt 0:00:07]} Kh4 {[%emt 0:00:04]} 78. Ra3 {[%emt 0:00:02]} Rc1+ {[%emt 0:00:13]} 79. Kg2 {[%emt 0:00:05]} Rc2+ {[%emt 0:00:18]} 80. Kg1 {[%emt 0:00:06]} g3 {[%emt 0:00:04]} 81. Ra8 {[%emt 0:00:03]} Kh3 {[%emt 0:00:47]} 82. Rh8+ {[%emt 0:00:04]} Kg4 {[%emt 0:00:03]} 83. Rg8+ {[%emt 0:00:03]} Kf3 {[%emt 0:00:08]} 84. Rf8+ {[%emt 0:00:14]} Kg4 {[%emt 0:00:05]} 85. Rg8+ {[%emt 0:00:08]} Kf4 {[%emt 0:00:12]} 86. Rf8+ {[%emt 0:00:04]} Ke4 {[%emt 0:00:09]} 87. Re8+ {[%emt 0:00:04]} Kf5 {[%emt 0:00:11]} 88. Rf8+ {[%emt 0:00:02]} Kg4 {[%emt 0:00:09]} 89. Rg8+ {[%emt 0:00:03]} Kf4 {[%emt 0:00:51]} 90. Rf8+ {[%emt 0:00:01]} Ke3 {[%emt 0:00:31]} 91. Re8+ {[%emt 0:00:02]} Kf3 {[%emt 0:00:10]} 92. Rf8+ {[%emt 0:00:02]} Kg4 {[%emt 0:00:09]} 93. Rg8+ {[%emt 0:00:02]} Kh3 {[%emt 0:00:13]} 94. Rh8+ {[%emt 0:00:03]} Kg4 {[%emt 0:00:25]} 95. Rg8+ {[%emt 0:00:02]} Kf4 {[%emt 0:00:05]} 96. Rf8+ {[%emt 0:00:05]} Ke4 {[%emt 0:00:04]} 97. Re8+ {[%emt 0:00:02]} Kd4 {[%emt 0:00:06]} 98. Rg8 {[%emt 0:00:05]} Ke4 {[%emt 0:00:05]} 99. Rxg3 {[%emt 0:00:04]} Kf4 {[%emt 0:00:05]} 100. Rb3 {[%emt 0:00:02]} Kg4 {[%emt 0:00:05]} 101. Kf1 {[%emt 0:00:03]} Kf4 {[%emt 0:00:07]} 102. Ke1 {[%emt 0:00:02]} Rh2 {[%emt 0:00:06]} 103. Kf1 {[%emt 0:00:02]} Ke5 {[%emt 0:00:44]} 1/2-1/2

[Event "45th National Sub Junior 2019"]
[Site "Tiruchengode"]
[Date "2019.07.14"]
[Round "8.10"]
[White "Soham Dey"]
[Black "Nikhil Magizhnan"]
[Result "1/2-1/2"]
[WhiteElo "1744"]
[BlackElo "2164"]
[Annotator "ChessBase"]
[PlyCount "61"]
[EventDate "2019.07.09"]
[EventCountry "IND"]
[SourceTitle "playchess.com"]
[Source "ChessBase"]
[SourceQuality "1"]
[TimeControl "5400+30"]

1. e4 {[%emt 0:00:00]} e6 {[%emt 0:00:00]} 2. d4 {[%emt 0:00:00]} d5 {[%emt 0:00:00]} 3. e5 {[%emt 0:00:00]} c5 {[%emt 0:00:00]} 4. c3 {[%emt 0:00:00]} Nc6 {[%emt 0:00:00]} 5. Nf3 {[%emt 0:00:00]} Qb6 {[%emt 0:00:15]} 6. Bd3 {[%emt 0:00:00]} Bd7 {[%emt 0:01:17]} 7. dxc5 {[%emt 0:00:03]} Bxc5 {[%emt 0:01:30]} 8. O-O {[%emt 0:00:06]} Qc7 {[%emt 0:00:47]} 9. Re1 {[%emt 0:00:05]} Nge7 {[%emt 0:00:56]} 10. b4 {[%emt 0:00:23]} Bb6 {[%emt 0:00:30]} 11. a4 {[%emt 0:00:04]} a6 {[%emt 0:03:28]} 12. Na3 {[%emt 0:00:06]} Ng6 {[%emt 0:01:28]} 13. Qe2 {[%emt 0:00:06]} O-O {[%emt 0:05:20]} 14. h4 {[%emt 0:00:24]} Rac8 {[%emt 0:13:16]} 15. h5 {[%emt 0:25:25]} Ngxe5 {[%emt 0:01:32]} 16. Nxe5 {[%emt 0:00:35]} Qxe5 {[%emt 0:04:07]} 17. Qxe5 {[%emt 0:03:32]} Nxe5 {[%emt 0:00:10]} 18. Rxe5 {[%emt 0:00:13]} Rxc3 {[%emt 0:00:26]} 19. Bf1 {[%emt 0:04:51]} Rfc8 {[%emt 0:05:11]} 20. Re1 {[%emt 0:10:49]} Bxa4 {[%emt 0:04:47]} 21. Bd2 {[%emt 0:04:13]} R3c7 {[%emt 0:09:04]} 22. b5 {[%emt 0:18:12]} axb5 {[%emt 0:17:19]} 23. Nxb5 {[%emt 0:00:16]} Bxb5 {[%emt 0:00:07]} 24. Bxb5 {[%emt 0:00:05]} Rc2 {[%emt 0:01:38]} 25. Rec1 {[%emt 0:00:13]} Rxc1+ {[%emt 0:01:38]} 26. Rxc1 {[%emt 0:00:06]} Rxc1+ {[%emt 0:01:11]} 27. Bxc1 {[%emt 0:03:38]} Bc5 {[%emt 0:01:00]} 28. Kf1 {[%emt 0:01:03]} h6 {[%emt 0:00:34]} 29. Ke2 {[%emt 0:00:19]} Kf8 {[%emt 0:00:18]} 30. f3 {[%emt 0:00:12]} Ke7 {[%emt 0:00:30]} 31. Kd3 {[%emt 0:00:10]} 1/2-1/2

[Event "45th National Sub Junior 2019"]
[Site "Tiruchengode"]
[Date "2019.07.15"]
[Round "9.1"]
[White "Praloy Sahoo"]
[Black "Raja Rithvik R"]
[Result "0-1"]
[WhiteElo "1905"]
[BlackElo "2357"]
[Annotator "TA"]
[PlyCount "80"]
[EventDate "2019.07.09"]
[EventCountry "IND"]
[SourceTitle "playchess.com"]
[Source "ChessBase"]
[SourceQuality "1"]

{[%evp 15,80,15,8,-8,0,0,0,0,0,-27,-23,-72,-60,-69,-60,-76,-49,-61,-33,-41,-27,-45,-33,-33,-17,-33,-33,-26,-27,-27,-21,-14,-14,-34,-9,-12,0,-11,-11,-61,-46,-59,-50,-155,-36,-139,-151,-118,-147,-117,-50,-143,-125,-119,-76,-124,-122,-189,-164,-1188,-1190,-1247,-1235,-1177,-1150,-29989,-29989]} 1. e4 c5 2. Nf3 d6 3. d4 cxd4 4. Nxd4 Nf6 5. Nc3 a6 6. g3 e5 7. Nb3 Be7 8. Bg2 O-O 9. a4 {B91: Sicilian Najdorf: 6 g3} Nc6 10. O-O Nb4 11. Bg5 {The position is equal.} (11. a5 Be6 12. Bg5 h6 13. Bxf6 Bxf6 14. Ra4 Nc6 15. Nd5 Rc8 16. c3 g6 17. Nxf6+ Qxf6 18. Qxd6 {½-½ (68) Duda,J (2737)-Grischuk,A (2766) chess.com INT 2018}) 11... Be6 12. Bxf6 Bxf6 13. Nd5 Nxd5 14. exd5 Bd7 15. a5 $146 ({Predecessor:} 15. c4 Rc8 16. Nd2 Qb6 {0-1 (28) Buytaert,K (2148)-Piceu,T (2345) Vlissingen 2005}) 15... Qc7 16. Re1 g6 17. c3 Bg7 18. Bf1 f5 19. Nd2 Rae8 20. Qb3 Bh6 21. Nc4 Bb5 22. Qb4 Rf6 23. Nb6 Bxf1 24. Rxf1 e4 25. Rae1 Qf7 26. Qd4 Bg7 27. Qa4 g5 $1 28. f4 gxf4 $1 29. Rxf4 ({White must play} 29. gxf4 $15 Re7 30. Kh1) 29... Re7 (29... Bh6 $1 $17 {[%cal Rh6f4]} 30. Rh4 Bg5) 30. Qc4 (30. Nc8 $15 Re8 31. Nb6) 30... Bh6 $1 $17 {[%cal Rh6f4]} 31. Rff1 {[#]} e3 $1 32. Kh1 Re4 ({Black should try} 32... f4 $17 {Threatens to win with ...f3.} 33. gxf4 Rxf4 34. Qc8+ Bf8) 33. Qe2 (33. Qd3 $1 $15) 33... Kh8 34. Qf3 Qg6 35. Re2 f4 36. g4 {[#]} (36. c4 $17 {was called for.}) 36... Bg5 $1 $19 37. Qh3 $2 {[#]} (37. Rc1) 37... f3 $1 {[%mdl 512]} 38. Rxf3 Rxf3 39. Qxf3 Rf4 40. Qg3 Qe4+ {Accuracy: White = 28%, Black = 56%.} 0-1

[Event "45th National Sub Junior 2019"]
[Site "Tiruchengode"]
[Date "2019.07.15"]
[Round "9.2"]
[White "Pranav, V."]
[Black "Samant Aditya S"]
[Result "0-1"]
[WhiteElo "2312"]
[BlackElo "2296"]
[Annotator "RC"]
[PlyCount "152"]
[EventDate "2019.07.09"]
[EventCountry "IND"]
[SourceTitle "playchess.com"]
[Source "ChessBase"]
[SourceQuality "1"]
[TimeControl "5400+30"]

1. e4 {[%emt 0:00:42]} c5 {[%emt 0:00:00]} 2. Nf3 {[%emt 0:00:06]} d6 {[%emt 0:00:00]} 3. d4 {[%emt 0:00:09]} cxd4 {[%emt 0:00:00]} 4. Nxd4 {[%emt 0:00:07]} Nf6 {[%emt 0:00:00]} 5. Nc3 {[%emt 0:00:08]} Nc6 {[%emt 0:00:00]} 6. Bc4 {[%emt 0:00:08]} e6 {[%emt 0:00:05]} 7. Be3 {[%emt 0:00:22]} a6 {[%emt 0:00:11]} 8. Qe2 {[%emt 0:00:39]} Qc7 {[%emt 0:00:16]} 9. Bb3 {[%emt 0:00:14]} Na5 {[%emt 0:03:10]} 10. O-O {[%emt 0:08:51]} Be7 {[%emt 0:04:27]} 11. f4 {[%emt 0:03:15]} O-O {[%emt 0:03:17]} 12. a3 {[%emt 0:14:00]} Nxb3 {[%emt 0:02:26]} 13. cxb3 {[%emt 0:00:19]} b5 {[%emt 0:18:41]} 14. Rac1 {[%emt 0:03:03]} Qb7 {[%emt 0:01:38]} 15. e5 {[%emt 0:09:57]} dxe5 {[%emt 0:15:13]} 16. fxe5 {[%emt 0:00:18]} Nd7 {[%emt 0:00:23]} 17. Qh5 {[%emt 0:04:41]} g6 {[%emt 0:12:11]} 18. Qe2 {[%emt 0:01:24]} Bc5 {[%emt 0:02:35]} 19. b4 {[%emt 0:01:21]} Bb6 {[%emt 0:01:36]} 20. Kh1 {[%emt 0:02:09]} Nxe5 {[%emt 0:07:21]} 21. Bh6 {[%emt 0:05:46]} Bxd4 {[%emt 0:03:23]} 22. Bxf8 {[%emt 0:00:17]} Kxf8 {[%emt 0:02:58]} 23. Qd2 {[%emt 0:00:09]} Qb6 {[%emt 0:12:08]} 24. Rce1 {[%emt 0:02:39]} Nc4 {[%emt 0:03:22]} 25. Qh6+ {[%emt 0:02:42]} Kg8 {[%emt 0:01:14]} 26. Ne4 {[%emt 0:02:40]} Bg7 {[%emt 0:00:32]} 27. Qf4 {[%emt 0:00:25]} f5 {[%emt 0:01:00]} 28. Nc5 {[%emt 0:01:06]} Qd6 {[%emt 0:02:24]} 29. Qf3 {[%emt 0:00:53]} Qd5 {[%emt 0:00:14]} 30. Qf4 {[%emt 0:04:28]} Bb7 {[%emt 0:00:42]} 31. Nxb7 {[%emt 0:01:24]} Qxb7 {[%emt 0:00:04]} 32. Rxe6 {[%emt 0:00:07]} Nxb2 {[%emt 0:01:16]} 33. Qd6 {[%emt 0:01:24]} Nc4 {[%emt 0:00:24]} 34. Qd3 {[%emt 0:00:26]} Qf7 {[%emt 0:01:18]} 35. Rfe1 {[%emt 0:00:20]} Rf8 {[%emt 0:00:41]} 36. Rxa6 {[%emt 0:01:58]} Kh8 {[%emt 0:01:13]} 37. Rae6 {[%emt 0:01:53]} Bf6 {[%emt 0:00:37]} 38. Qd5 {[%emt 0:01:38]} Rd8 {[%emt 0:00:54]} 39. Qc6 {[%emt 0:00:33]} Kg7 {[%emt 0:00:41]} 40. h3 {[%emt 0:00:44]} Nxa3 {[%emt 0:00:38]} 41. Qc5 {[%emt 0:00:01]} Rd7 {[%emt 0:00:22]} 42. Ra6 {[%emt 0:01:35]} Nc4 {[%emt 0:00:18]} 43. Qxb5 {[%emt 0:04:10]} Nd6 {[%emt 0:00:25]} 44. Qa4 {[%emt 0:01:22]} Ne4 {[%emt 0:00:06]} 45. Qa2 {[%emt 0:00:09]} Qxa2 {[%emt 0:01:18]} 46. Rxa2 {[%emt 0:00:02]} Rb7 {[%emt 0:00:05]} 47. Ra4 {[%emt 0:00:05]} Nc3 {[%emt 0:00:20]} 48. Ra6 {[%emt 0:00:24]} Rxb4 {[%emt 0:00:05]} 49. Ra7+ {[%emt 0:01:33]} Kh6 {[%emt 0:00:09]} 50. Re6 {[%emt 0:00:01]} Ne4 {[%emt 0:00:54]} 51. g4 {[%emt 0:00:05]} fxg4 {[%emt 0:00:48]} 52. hxg4 {[%emt 0:00:04]} Nf2+ {[%emt 0:00:14]} 53. Kg2 {[%emt 0:00:03]} Nxg4 {[%emt 0:00:05]} 54. Kg3 {[%emt 0:00:14]} Be5+ {[%emt 0:00:55]} 55. Kh3 {[%emt 0:00:04]} Kg5 {[%emt 0:01:39]} 56. Kg2 {[%emt 0:00:19]} Rb2+ {[%emt 0:00:14]} 57. Kf1 {[%emt 0:00:12]} h5 {[%emt 0:00:41]} 58. Raa6 {[%emt 0:00:01]} Bf6 {[%emt 0:00:29]} 59. Ra5+ {[%emt 0:00:00]} Kh4 {[%emt 0:00:11]} 60. Ra4 {[%emt 0:00:02]} Rf2+ {[%emt 0:00:30]} 61. Kg1 {[%emt 0:00:09]} Rf5 {[%emt 0:00:23]} 62. Re2 {[%emt 0:00:29]} Be5 {[%emt 0:00:37]} 63. Kg2 {[%emt 0:00:27]} Bf4 {[%emt 0:00:54]} 64. Ree4 {[%emt 0:00:04]} Kg5 {[%emt 0:00:22]} 65. Ra6 {[%emt 0:00:05]} Rb5 {[%emt 0:00:28]} 66. Re2 {[%emt 0:00:10]} h4 {[%emt 0:00:37]} 67. Ra3 {[%emt 0:00:01]} Kf5 {[%emt 0:00:28]} 68. Kh3 {[%emt 0:00:17]} g5 {[%emt 0:00:29]} 69. Kg2 {[%emt 0:00:34]} Ne5 {[%emt 0:00:23]} 70. Rh3 {[%emt 0:00:12]} Kg4 {[%emt 0:00:27]} 71. Rc3 {[%emt 0:00:13]} Ng6 {[%emt 0:00:32]} 72. Re4 {[%emt 0:01:53]} h3+ {[%emt 0:00:14]} 73. Rxh3 {[%emt 0:00:47]} Rb2+ {[%emt 0:00:10]} 74. Kh1 {[%emt 0:00:02]} Kxh3 {[%emt 0:00:10]} 75. Re3+ {[%emt 0:00:01]} Bg3 {[%emt 0:00:29]} 76. Ra3 {[%emt 0:00:07]} Rb1# {[%emt 0:00:04]} 0-1

[Event "45th National Sub Junior 2019"]
[Site "Tiruchengode"]
[Date "2019.07.15"]
[Round "9.3"]
[White "Aaryan Varshney"]
[Black "Rohith Krishna S"]
[Result "1/2-1/2"]
[WhiteElo "2284"]
[BlackElo "2312"]
[Annotator "TA"]
[PlyCount "106"]
[EventDate "2019.07.09"]
[EventCountry "IND"]
[SourceTitle "playchess.com"]
[Source "ChessBase"]
[SourceQuality "1"]

{[%evp 20,106,27,35,37,22,30,14,27,3,39,39,45,50,41,43,47,25,30,28,26,27,34,0,0,0,0,7,2,3,7,0,0,0,0,0,0,0,0,0,0,0,0,0,0,0,0,0,0,0,0,0,0,0,0,0,0,0,0,0,0,0,0,0,0,0,0,0,0,0,0,0,0,0,7,0,0,0,0,0,0,0,0,0,0,0,0,0,0]} 1. d4 d5 2. c4 e6 3. Nc3 Nf6 4. Bg5 Be7 5. e3 O-O 6. Nf3 Nbd7 7. Rc1 a6 8. cxd5 exd5 9. Bd3 h6 10. Bh4 c6 11. O-O Ne4 {D63: Queen's Gambit Declined: Classical: 7 Rc1} 12. Bxe7 (12. Bxe4 Bxh4 13. Nxh4 Qxh4 14. Bb1 Re8 15. Qd3 Nf8 16. b4 Qe7 17. a3 a5 18. b5 Qxa3 19. Bc2 {0-1 (47) Agdestein,S (2606)-Zvjaginsev,V (2660) Berlin 2015}) 12... Qxe7 13. Qc2 {[%cal Rd3e4]} Re8 14. Rfe1 Nxc3 $146 ({Predecessor:} 14... Ndf6 15. Ne5 Bf5 16. Na4 Bh7 17. f3 Nd6 18. Bxh7+ Nxh7 19. Nc5 Nf8 20. a4 a5 {½-½ (43) Garcia Palermo,C (2455)-Caprio,G (2426) Condino 2014}) 15. bxc3 Nf8 16. c4 dxc4 17. Bxc4 Be6 18. Rb1 Red8 19. h3 Rac8 20. Bxe6 Nxe6 21. Qb3 (21. a4 {feels hotter.} c5 22. Qe4 Rc7 23. d5 Ng5 24. Nxg5 Qxg5 25. Red1) 21... c5 {The position is equal.} 22. Qxb7 Qxb7 23. Rxb7 cxd4 24. exd4 Nxd4 25. Nxd4 Rxd4 $11 {[%mdl 4096] Endgame KRR-KRR} 26. Re2 Rd6 27. g3 g5 28. Kg2 Kg7 29. Ree7 Rf6 {[#] aiming for ...Rc2!} 30. Rec7 Rd8 {Hoping for ...Rd2!} 31. Rd7 Rc8 {Threatens to win with ...Rc2!} 32. Rdc7 Rxc7 33. Rxc7 {KR-KR} Rb6 34. Ra7 h5 35. Ra8 f6 36. Ra7+ Kg6 37. Kf3 Re6 38. Ra8 Kf5 39. g4+ hxg4+ 40. hxg4+ Ke5 41. Ke3 Kd5+ 42. Kd3 Kc5 43. Rb8 Rd6+ 44. Kc3 Kd5 45. Kd3 Rc6 46. Rb4 Re6 47. Rb8 Kc5 48. Rb7 Rd6+ 49. Kc3 Kd5 50. Re7 Rc6+ 51. Kd3 Rd6 52. Kc3 Rc6+ 53. Kd3 Rd6 {Accuracy: White = 72%, Black = 83%.} 1/2-1/2

[Event "45th National Sub Junior 2019"]
[Site "Tiruchengode"]
[Date "2019.07.15"]
[Round "9.4"]
[White "Suganthan S"]
[Black "Kushagra Mohan"]
[Result "0-1"]
[WhiteElo "1740"]
[BlackElo "2250"]
[Annotator "TA"]
[PlyCount "94"]
[EventDate "2019.07.09"]
[EventCountry "IND"]
[SourceTitle "playchess.com"]
[Source "ChessBase"]
[SourceQuality "1"]

{[%evp 9,94,37,57,20,29,20,30,30,55,0,33,-27,-25,-37,-30,-15,-4,-95,-77,-68,-46,-43,-25,-71,-76,-74,-68,-58,-68,-63,-56,-47,0,0,-8,-33,-8,-16,-13,-20,-17,-17,-17,-16,-11,-14,-10,-11,-6,-23,-18,-29,-19,-20,0,0,0,-280,-288,-258,-261,-395,-395,-395,-395,-395,-395,-395,-395,-386,-378,-446,-432,-501,-487,-527,-529,-614,-601,-590,-558,-644,-644,-672,-641,-627,-608]} 1. e4 d6 2. d4 Nf6 3. Nc3 g6 4. Be3 c6 5. Qd2 Nbd7 6. h3 {B07: Pirc Defence: Miscellaneous Systems} b5 {[%cal Bb7b5,Bb5b4][%mdl 32]} 7. Bd3 Bg7 8. Nf3 {White has an edge.} e5 9. O-O (9. dxe5 $14 Nxe5 10. Nxe5 dxe5 11. O-O) 9... O-O 10. a4 (10. dxe5 $14 dxe5 11. Ne2) 10... exd4 $11 11. Nxd4 b4 12. Nce2 c5 13. Nb5 $146 (13. Nc6 $11 {remains equal.} Qe8 14. Ng3) ({Predecessor:} 13. Nf3 Qc7 14. c4 Bb7 15. Ng3 Rfe8 16. Bh6 Ne5 17. Bxg7 Kxg7 {0-1 (48) Riff,J (2500)-Bologan,V (2695) Mainz 2010}) 13... Ne8 14. Bc4 Nb6 $1 {[%cal Rb6c4]} 15. Bb3 $1 {Threatens to win with Bxc5!} a6 16. a5 axb5 17. axb6 Rxa1 18. Rxa1 {aiming for Bxc5!} Qxb6 19. Qxb4 Qc6 20. Qd2 Qxe4 (20... c4 $5 {[%cal Rc4b3]} 21. Ba2 Bxb2 $15) 21. Bd5 Qe7 22. Bg5 Qe5 23. c3 Nf6 24. Bc6 Ne4 25. Bxe4 $1 Qxe4 26. Ng3 Qc6 $40 {[%mdl 128] Black attacks.} 27. Be7 {[#]} Bb7 $1 {[%csl Gb7][%cal Rc6g2][%mdl 512]} 28. f3 Rc8 {Threatening ...d5.} 29. Qxd6 Qxd6 30. Bxd6 b4 31. Ne2 b3 32. Ra7 Bd5 33. Ra5 $2 {[%mdl 8192]} (33. Kf2 $11 {and White is okay.}) 33... Bc4 $19 34. Kf2 Re8 35. Nc1 {[#]} (35. Nf4 $142 Bxc3 {[%mdl 64] Double Attack} 36. Rxc5 Bd4+ {[%mdl 64] Double Attack} 37. Kg3 Bxc5 38. Bxc5) 35... Bxc3 $1 {[%mdl 576] Double Attack} 36. Nxb3 (36. bxc3 b2) 36... Re2+ 37. Kg1 Bxa5 38. Nxa5 {[%mdl 4096] Endgame KRB-KBN} Bd5 39. b3 Rc2 40. Be5 Kf8 {Black is clearly winning.} 41. g3 Ke8 42. h4 Kd7 43. Kf1 Ra2 44. Bc3 Kc7 45. g4 Kb6 46. Nc4+ Bxc4+ 47. bxc4 Ra3 {Accuracy: White = 47%, Black = 74%.} 0-1

[Event "45th National Sub Junior 2019"]
[Site "Tiruchengode"]
[Date "2019.07.15"]
[Round "9.5"]
[White "Rathneesh R"]
[Black "Anadkat Kartavya"]
[Result "0-1"]
[WhiteElo "2226"]
[BlackElo "1941"]
[Annotator "TA"]
[PlyCount "138"]
[EventDate "2019.07.09"]
[EventCountry "IND"]
[SourceTitle "playchess.com"]
[Source "ChessBase"]
[SourceQuality "1"]

{[%evp 14,138,28,8,17,15,37,8,11,2,8,16,11,0,11,0,12,-41,12,15,53,42,89,75,91,56,53,25,25,-25,-25,0,7,19,31,12,18,-4,22,-8,-14,-31,-16,-14,-25,-25,-9,-16,26,0,0,0,4,2,8,3,15,15,16,15,20,-140,-144,-145,-147,-181,-181,-182,-182,-176,-141,-146,-127,-154,-158,-143,-138,-131,-131,-132,-7,0,0,0,0,0,8,-95,-67,-101,-101,-133,-107,-204,-81,-179,-158,-231,-217,-259,-239,-403,-398,-381,-385,-375,0,-304,-274,-695,-692,-913,-906,-859,-867,-1995,-1976,-1682,-1150,-1994,-1943,-29988,-29988,-29988,-29984,-29984,-29984]} 1. e4 e5 2. Nf3 Nc6 3. Bc4 Nf6 4. d3 Bc5 5. O-O d6 6. c3 a6 7. Re1 Ba7 8. Bb3 Ng4 {C54: Giuoco Piano: 4 c3 Nf6, main lines with 5 d4 and 5 d3} (8... h6 9. Nbd2 g5 10. Nf1 g4 11. N3d2 h5 12. Nc4 b5 13. Nce3 h4 14. Bd5 Nxd5 15. exd5 Ne7 16. Nxg4 Bxg4 17. Qxg4 {0-1 (55) Amin,B (2710)-Fedoseev,V (2719) St Petersburg 2018}) 9. Re2 Qf6 10. Bg5 $146 ({Predecessor:} 10. Nbd2 g5 11. d4 Bd7 12. Nf1 Rg8 13. Ne3 O-O-O 14. Nd5 Qh6 15. Be3 f5 16. h3 Nxe3 17. fxe3 {0-1 (28) Emms,J (2484)-Collins,S (2431) England 2010}) 10... Qg6 {The position is equal.} 11. Nbd2 h6 12. Bh4 O-O 13. Bg3 (13. Nf1 {keeps more tension.} Nf6 14. Ne3 Bh3 15. Bg3 Bd7 16. Bc2) 13... Kh8 14. Nh4 Qh7 15. h3 ({White should play} 15. Bc2 $11) 15... Nf6 $15 16. Re1 Ne7 17. d4 Ng6 18. dxe5 dxe5 19. Nhf3 Nd7 20. Nc4 {[%cal Rc4e5]} f6 $1 21. Ne3 Nc5 22. Bc2 Be6 23. b4 Rad8 24. Qb1 Nd7 25. Bb3 Qg8 26. Bxe6 Qxe6 27. Qb3 Rfe8 28. Qxe6 Rxe6 29. Rad1 Ree8 30. Nc4 Bb6 31. Rd2 Ndf8 32. Red1 Ne6 33. a4 Rxd2 34. Rxd2 Rd8 35. Rxd8+ Nxd8 36. Nxb6 cxb6 $11 {[%mdl 4096] Endgame KBN-KNN} 37. b5 $2 ({Better is} 37. h4 $11) 37... Ne6 $17 38. Nd2 Nc5 39. bxa6 bxa6 40. a5 bxa5 41. f3 Nf8 42. Nc4 {[#]} a4 $1 43. Bf2 Nfe6 44. Kf1 Kg8 45. Be3 Nb3 46. Ke2 Nc7 (46... Nf4+ $17 47. Bxf4 exf4) 47. Kd1 $11 Kf7 48. Kc2 Ne6 49. Kb2 $1 Ke7 50. Kc2 (50. Ka3 $11 {remains equal.}) 50... Nbc5 51. Bd2 Kd7 52. Be3 Kc6 53. Bd2 (53. Bc1 $17) 53... Nd8 (53... Nf4 $19 {has better winning chances.} 54. Bxf4 exf4) 54. Be3 (54. Bc1 $17 {was necessary.}) 54... Ndb7 $19 55. Bc1 (55. g4 $17) 55... Nd6 56. Ne3 {[#]} Kb5 $1 57. Nd5 $2 (57. Ba3) 57... Nc4 58. Nc7+ Kc6 59. Nd5 Kb5 60. Nc7+ $1 Ka5 {aiming for ...a3.} 61. Bb2 $2 (61. Nd5) 61... a3 62. Ba1 Ka4 63. Nd5 Nb3 {Hoping for ...a2.} 64. Kb1 Ncd2+ 65. Kc2 Nxa1+ 66. Kxd2 Nb3+ 67. Kc2 a2 {Black mates.} 68. Nb6+ Kb5 69. Kxb3 a1=Q {Accuracy: White = 37%, Black = 48%.} 0-1